<?xml version="1.0" encoding="UTF-8"?>
<record
    xmlns:xsi="http://www.w3.org/2001/XMLSchema-instance"
    xsi:schemaLocation="http://www.loc.gov/MARC21/slim http://www.loc.gov/standards/marcxml/schema/MARC21slim.xsd"
    xmlns="http://www.loc.gov/MARC21/slim">

  <leader>01200npi a2200253 a 4500</leader>
  <controlfield tag="003">OSt</controlfield>
  <controlfield tag="005">20250303122131.0</controlfield>
  <controlfield tag="008">230524q2023    ||||||||o|||| 00| 0 eng d</controlfield>
  <datafield tag="040" ind1=" " ind2=" ">
    <subfield code="a">Chap</subfield>
    <subfield code="c">Chap</subfield>
  </datafield>
  <datafield tag="245" ind1="0" ind2="0">
    <subfield code="a">CABI Compendium: Animal Health and Production = CABI Compendio: Salud y Producci&#xF3;n Animal</subfield>
  </datafield>
  <datafield tag="246" ind1="3" ind2="1">
    <subfield code="a">CABI Compendio:</subfield>
    <subfield code="b">Salud y Producci&#xF3;n Animal</subfield>
  </datafield>
  <datafield tag="250" ind1=" " ind2=" ">
    <subfield code="a">2023</subfield>
  </datafield>
  <datafield tag="505" ind1=" " ind2=" ">
    <subfield code="g">Compilaci&#xF3;n de informaci&#xF3;n que vincula el conocimiento sobre salud, enfermedades, inocuidad y calidad de los alimentos y aspectos de cr&#xED;a de la producci&#xF3;n ganadera y av&#xED;cola.</subfield>
  </datafield>
  <datafield tag="505" ind1=" " ind2=" ">
    <subfield code="g">Cobertura detallada de los aspectos sanitarios y productivos del ganado y las aves de corral</subfield>
  </datafield>
  <datafield tag="650" ind1=" " ind2="0">
    <subfield code="9">143387</subfield>
    <subfield code="a">Producci&#xF3;n ganadera</subfield>
  </datafield>
  <datafield tag="650" ind1=" " ind2="7">
    <subfield code="9">8636</subfield>
    <subfield code="a">Aves de corral</subfield>
  </datafield>
  <datafield tag="650" ind1=" " ind2="7">
    <subfield code="9">82275</subfield>
    <subfield code="a">Nutrici&#xF3;n animal</subfield>
  </datafield>
  <datafield tag="650" ind1=" " ind2="0">
    <subfield code="9">141403</subfield>
    <subfield code="a">Enfermedades animales</subfield>
  </datafield>
  <datafield tag="650" ind1=" " ind2="7">
    <subfield code="9">12634</subfield>
    <subfield code="a">Bienestar animal</subfield>
  </datafield>
  <datafield tag="710" ind1="2" ind2=" ">
    <subfield code="9">187137</subfield>
    <subfield code="a">CAB International (Wallingford, Inglaterra)</subfield>
  </datafield>
  <datafield tag="856" ind1=" " ind2=" ">
    <subfield code="u">https://www.cabidigitallibrary.org/journal/cabicompendium</subfield>
    <subfield code="z">ACCESO RED UACh</subfield>
  </datafield>
  <datafield tag="856" ind1=" " ind2=" ">
    <subfield code="u">https://chapingo.idm.oclc.org/login?url=https://www.cabidigitallibrary.org/journal/cabicompendium</subfield>
    <subfield code="z">ACCESO EXTERNO</subfield>
  </datafield>
  <datafield tag="942" ind1=" " ind2=" ">
    <subfield code="c">ITEMRECELE</subfield>
  </datafield>
  <datafield tag="999" ind1=" " ind2=" ">
    <subfield code="c">218819</subfield>
    <subfield code="d">218819</subfield>
  </datafield>
  <datafield tag="952" ind1=" " ind2=" ">
    <subfield code="0">0</subfield>
    <subfield code="1">0</subfield>
    <subfield code="2">local</subfield>
    <subfield code="4">0</subfield>
    <subfield code="7">0</subfield>
    <subfield code="8">RecEle</subfield>
    <subfield code="a">BD</subfield>
    <subfield code="b">BD</subfield>
    <subfield code="c">E_L</subfield>
    <subfield code="d">2023-05-24</subfield>
    <subfield code="l">0</subfield>
    <subfield code="r">2023-05-24 00:00:00</subfield>
    <subfield code="w">2023-05-24</subfield>
    <subfield code="y">ITEMRECELE</subfield>
  </datafield>
</record>
